| 000 | 00814nam0a22002531 4500 | ||
|---|---|---|---|
| 001 | rc\4956507 | ||
| 005 | 20250612213817.0 | ||
| 021 |
_aRU _b[69-35465] |
||
| 035 | _a(NLR Aleph) 008860430 | ||
| 090 |
_a8457637 _c8457637 |
||
| 100 | _a20130426d1968 |||y0rusy50 ca | ||
| 101 | 0 | _arus | |
| 102 | _aRU | ||
| 105 | _aa z ||||| | ||
| 200 | 1 |
_aО чем пела свирель _e[Для мл. и сред. школьного возраста _fИл.: С. Магомедова |
|
| 210 |
_aМахачкала _cДагучпедгиз _d1968] |
||
| 215 |
_a64 с. _cил. _d20 |
||
| 700 | 1 |
_aРаджабов _bА.Р. _f1924- _gАбдул Раджабович |
|
| 702 | 1 |
_aМагомедов _bС. _4440 |
|
| 801 | 0 |
_aRU _bNLR _gpsbo |
|
| 801 | 1 |
_aRU _bELAR _2rusmarc |
|
| 852 |
_aNLR _j69-4/10453 |
||
| 942 | _cBOOK | ||
| 980 | _aNB | ||